[Event "XXVIIIe Open de Metz - A"]
[Site "Complexe Saint-Symphorien"]
[Date "2010.04.13"]
[Round "5.10"]
[White "Zinchenko, Yaroslav"]
[Black "Das, Arghyadip"]
[Result "1-0"]
[WhiteElo "2546"]
[BlackElo "2419"]
[Annotator "Antares"]
[PlyCount "105"]
[EventDate "2010.04.10"]

1. e4 e5 2. Nf3 Nc6 3. Bb5 a6 4. Ba4 Nf6 5. d3 b5 6. Bb3 Bc5 7. a4 Rb8 8. O-O
d6 9. axb5 axb5 10. c3 O-O 11. Nbd2 Bb6 12. Re1 Ng4 13. Re2 Kh8 14. h3 Nh6 15.
Nf1 f5 16. d4 Qf6 17. Bd5 Bd7 18. Bg5 Qg6 19. Qd2 f4 20. dxe5 Nxe5 21. N1h2
Nhg4 22. hxg4 Nxf3+ 23. Nxf3 Bxg4 24. e5 Bxf3 25. Bxf3 Qxg5 26. exd6 cxd6 27.
Qxd6 Bc5 28. Qe5 Qxe5 29. Rxe5 Bd6 30. Re6 Bc5 31. Ra5 Bb6 32. Ra6 Bd8 33. Re4
Bf6 34. Rxf4 Rfd8 35. Rb4 Be7 36. Re4 Bf6 37. Be2 b4 38. Rxb4 Rxb4 39. cxb4
Bxb2 40. b5 Kg8 41. b6 Kf8 42. b7 Be5 43. Ra8 Ke7 44. g3 Bb8 45. Bf3 Kd7 46.
Ra4 Bc7 47. Rg4 g6 48. Rh4 h5 49. Rc4 Rh8 50. Kg2 g5 51. Bc6+ Kd6 52. Bb5 Rb8
53. Rc6+ 1-0

[Event "XXVIIIe Open de Metz - A"]
[Site "Complexe Saint-Symphorien"]
[Date "2010.04.13"]
[Round "5.12"]
[White "Pap, Misa"]
[Black "Ringoir, Tanguy"]
[Result "0-1"]
[WhiteElo "2521"]
[BlackElo "2401"]
[Annotator "Antares"]
[PlyCount "94"]
[EventDate "2010.04.10"]

1. e4 c6 2. d4 d5 3. Nd2 dxe4 4. Nxe4 Bf5 5. Ng3 Bg6 6. h4 h6 7. Nf3 Nd7 8. h5
Bh7 9. Bd3 Bxd3 10. Qxd3 e6 11. Bf4 Qa5+ 12. Bd2 Bb4 13. c3 Be7 14. c4 Qc7 15.
O-O-O Ngf6 16. Ne4 Rd8 17. Nc3 b5 18. cxb5 cxb5 19. Qxb5 O-O 20. Kb1 Nb6 21. b3
Qb7 22. Rhe1 Rc8 23. Na4 Rfd8 24. Nxb6 axb6 25. Qe2 Ba3 26. Ne5 Rxd4 27. Nc4
Ne4 28. f3 Nxd2+ 29. Rxd2 Rdxc4 30. bxc4 Bb4 31. Red1 Bxd2 32. Rxd2 Qc7 33. Rb2
Rd8 34. g4 Rd4 35. Rc2 Qc5 36. Kb2 Qb4+ 37. Kc1 Kf8 38. Qf1 Qa3+ 39. Kb1 Rd3
40. f4 Qd6 41. Qe2 Rd1+ 42. Rc1 Qb4+ 43. Kc2 Rd4 44. Qe3 Rxc4+ 45. Kd1 Rd4+ 46.
Kc2 Qc5+ 47. Qc3 Rc4 0-1

[Event "XXVIIIe Open de Metz - A"]
[Site "Complexe Saint-Symphorien"]
[Date "2010.04.13"]
[Round "5.13"]
[White "Sengupta, Deep"]
[Black "Spirin, Oleg"]
[Result "1/2-1/2"]
[WhiteElo "2496"]
[BlackElo "2449"]
[Annotator "Antares"]
[PlyCount "62"]
[EventDate "2010.04.10"]

1. e4 c5 2. Nf3 d6 3. d4 cxd4 4. Nxd4 Nf6 5. Nc3 a6 6. Be2 e6 7. O-O Qc7 8. a4
Nc6 9. Kh1 Be7 10. f4 O-O 11. Be3 Re8 12. Bf3 Na5 13. Nde2 Rb8 14. Qe1 Nc4 15.
Bc1 b5 16. axb5 axb5 17. b3 b4 18. e5 dxe5 19. bxc4 bxc3 20. fxe5 Nd7 21. Nd4
Bb7 22. Qxc3 Bxf3 23. Qxf3 Nxe5 24. Qg3 Qxc4 25. Bf4 f6 26. Nf3 Bd6 27. Rfd1
Rbd8 28. Nxe5 Bxe5 29. Rxd8 Rxd8 30. Bxe5 fxe5 31. Qxe5 Qxc2 1/2-1/2

[Event "XXVIIIe Open de Metz - A"]
[Site "Complexe Saint-Symphorien"]
[Date "2010.04.13"]
[Round "6.3"]
[White "Burmakin, Vladimir"]
[Black "Zubarev, Alexander"]
[Result "1-0"]
[WhiteElo "2604"]
[BlackElo "2536"]
[Annotator "Remi"]
[PlyCount "145"]
[EventDate "2010.04.10"]

1. d4 Nf6 2. Nf3 e6 3. c4 c5 4. d5 b5 5. dxe6 fxe6 6. cxb5 a6 7. bxa6 Nc6 8. e3
Be7 9. Nc3 O-O 10. Bb5 Qb6 11. O-O Bxa6 12. Bxa6 Rxa6 13. b3 d5 14. Bb2 c4 15.
Rb1 cxb3 16. Ba1 Bb4 17. Rxb3 Qc5 18. Qb1 Rb8 19. Ne1 Qc4 20. Nd3 Bd6 21. Rxb8+
Nxb8 22. Rc1 Rc6 23. Nb5 Qxd3 24. Nxd6 Qxb1 25. Rxb1 Nbd7 26. Nb5 Ra6 27. a3
Ne4 28. Rd1 Kf7 29. f3 Nec5 30. Bc3 Rb6 31. Rb1 e5 32. Kf2 Na4 33. Rb4 Rxb5 34.
Rxa4 Rb3 35. Bd2 h5 36. Ke2 Rb2 37. Ra7 Ke6 38. Kd3 Ra2 39. Ra6+ Kf7 40. Ra5
Ke6 41. e4 d4 42. f4 h4 43. Ra6+ Kf7 44. Ra7 Ke6 45. Ra6+ Kf7 46. Ra5 Ke6 47.
g3 h3 48. Ra6+ Kf7 49. Ra7 Ke6 50. Ra6+ Kf7 51. Ra5 Ke6 52. g4 Kd6 53. Bb4+ Kc6
54. fxe5 Rxh2 55. e6 Nf6 56. Rc5+ Kb7 57. Rc1 Rg2 58. Rh1 Rxg4 59. e5 Nd5 60.
e7 Rg3+ 61. Kxd4 Nc7 62. Bd6 Ne8 63. Kd5 g5 64. Ke6 g4 65. Kd7 Ng7 66. Rb1+ Ka6
67. e8=Q Nxe8 68. Kxe8 Re3 69. Kf7 h2 70. e6 Rf3+ 71. Kg6 g3 72. e7 Re3 73. Kf7
1-0

[Event "XXVIIIe Open de Metz - A"]
[Site "Complexe Saint-Symphorien"]
[Date "2010.04.13"]
[Round "6.4"]
[White "Feller, Sebastien"]
[Black "Milanovic, Danilo"]
[Result "1-0"]
[WhiteElo "2576"]
[BlackElo "2507"]
[Annotator "Remi"]
[PlyCount "53"]
[EventDate "2010.04.10"]

1. d4 Nf6 2. c4 c5 3. d5 b5 4. cxb5 a6 5. bxa6 g6 6. Nc3 Bxa6 7. e4 Bxf1 8.
Kxf1 d6 9. Nf3 Nbd7 10. h3 Bg7 11. g3 O-O 12. Kg2 Nb6 13. Re1 Qd7 14. a4 Ra6
15. Be3 Rfa8 16. b3 Ng4 17. Bd2 Ne5 18. Nxe5 Bxe5 19. Rc1 c4 20. Nb5 cxb3 21.
Nc7 Qxa4 22. Nxa8 Rxa8 23. Rc6 Nc4 24. Bh6 Bc3 25. Qg4 e6 26. Rc1 f5 27. Qe2
1-0

[Event "XXVIIIe Open de Metz - A"]
[Site "Complexe Saint-Symphorien"]
[Date "2010.04.13"]
[Round "6.5"]
[White "Drenchev, Petar"]
[Black "Nijboer, Friso"]
[Result "1/2-1/2"]
[WhiteElo "2486"]
[BlackElo "2562"]
[Annotator "Remi"]
[PlyCount "66"]
[EventDate "2010.04.10"]

1. d4 Nf6 2. c4 g6 3. Nc3 Bg7 4. e4 d6 5. Nf3 O-O 6. h3 e5 7. dxe5 dxe5 8. Be3
Na6 9. a3 b6 10. Qc2 Nd7 11. b4 c5 12. Nd5 Nc7 13. Bd3 Ne6 14. O-O Bb7 15. Rad1
Re8 16. Rfe1 Qb8 17. Bf1 Nd4 18. Nxd4 cxd4 19. Bg5 Qd6 20. Bd3 Rac8 21. Qa2 h6
22. Bd2 Nf8 23. Rc1 Ne6 24. a4 Qd8 25. a5 bxa5 26. b5 Nc5 27. Bxa5 Qh4 28. Bb1
Bf8 29. Kh2 Bxd5 30. cxd5 Nb7 31. g3 Qf6 32. Kg2 Nxa5 33. Qxa5 Bc5 1/2-1/2

[Event "XXVIIIe Open de Metz - A"]
[Site "Complexe Saint-Symphorien"]
[Date "2010.04.13"]
[Round "6.6"]
[White "Eingorn, Vereslav S"]
[Black "Brodsky, Michail"]
[Result "1/2-1/2"]
[WhiteElo "2560"]
[BlackElo "2527"]
[Annotator "Remi"]
[PlyCount "60"]
[EventDate "2010.04.10"]

1. d4 Nf6 2. c4 e6 3. Nf3 b6 4. g3 Bb7 5. Bg2 Be7 6. O-O O-O 7. Nc3 Ne4 8. Nxe4
Bxe4 9. Ne1 Bxg2 10. Nxg2 d5 11. Qa4 dxc4 12. Qxc4 c5 13. dxc5 Bxc5 14. Be3 Nd7
15. Rfd1 Qc8 16. Rac1 Bxe3 17. Nxe3 Nf6 18. Qxc8 Rfxc8 19. f3 Kf8 20. Kf2 Ke7
21. Ke1 h5 22. h4 g6 23. a3 Ne8 24. Nc4 f6 25. e4 Rc7 26. Ne3 Rac8 27. Rxc7+
Rxc7 28. Rd3 Rc1+ 29. Rd1 Rc7 30. Rd3 Rc1+ 1/2-1/2

[Event "XXVIIIe Open de Metz - A"]
[Site "Complexe Saint-Symphorien"]
[Date "2010.04.13"]
[Round "6.7"]
[White "Ringoir, Tanguy"]
[Black "Zinchenko, Yaroslav"]
[Result "1/2-1/2"]
[WhiteElo "2401"]
[BlackElo "2546"]
[Annotator "Remi"]
[PlyCount "77"]
[EventDate "2010.04.10"]

1. e4 Nf6 2. Nc3 d5 3. e5 Ne4 4. Nce2 d4 5. c3 Nc6 6. Nxd4 Nxd4 7. Qa4+ c6 8.
Qxd4 Qxd4 9. cxd4 Ng5 10. Bc4 Bf5 11. Ne2 h5 12. f4 Ne6 13. d5 cxd5 14. Bxd5
O-O-O 15. Bxe6+ Bxe6 16. d4 Bd5 17. Kf2 Rh6 18. Be3 Rb6 19. b3 e6 20. Rhc1+ Rc6
21. Nc3 Ba3 22. Nxd5 Rxd5 23. Rxc6+ bxc6 24. Rd1 g6 25. h3 Bb2 26. Rd2 Ba3 27.
Rc2 Kb7 28. g4 hxg4 29. hxg4 Rd8 30. Kg3 Rh8 31. f5 gxf5 32. gxf5 Be7 33. Rh2
Rxh2 34. Kxh2 exf5 35. Kg3 a6 36. Kf4 Kc7 37. Kxf5 Kd7 38. Bd2 Bd8 39. Bg5
1/2-1/2

[Event "XXVIIIe Open de Metz - A"]
[Site "Complexe Saint-Symphorien"]
[Date "2010.04.13"]
[Round "6.8"]
[White "Bauer, Christian"]
[Black "Donchenko, Anatoly"]
[Result "1-0"]
[WhiteElo "2607"]
[BlackElo "2395"]
[Annotator "Remi"]
[PlyCount "91"]
[EventDate "2010.04.10"]

1. e4 c5 2. Nf3 d6 3. c3 Nf6 4. h3 e6 5. Bd3 Be7 6. Bc2 b6 7. O-O O-O 8. d4 Bb7
9. Re1 cxd4 10. cxd4 Nc6 11. Nc3 Rc8 12. a3 a6 13. Qd3 Re8 14. Bg5 Nd7 15. Be3
b5 16. Rad1 g6 17. Ne2 Na5 18. Bb1 Qc7 19. Bd2 Nf6 20. Ng5 Nc4 21. Bc1 d5 22.
e5 Ne4 23. Nxe4 dxe4 24. Qg3 b4 25. a4 Qd7 26. Nf4 Nb6 27. Nh5 Qd8 28. a5 Nd7
29. Bh6 Bf8 30. Bg5 Be7 31. Bxe7 Qxe7 32. Bxe4 Bxe4 33. Rxe4 Kh8 34. Nf4 Rc4
35. Qd3 Rec8 36. Kh2 Nb8 37. d5 Rxe4 38. Qxe4 exd5 39. Nxd5 Qe6 40. Nxb4 Nd7
41. Rd6 Qxe5+ 42. Qxe5+ Nxe5 43. Rxa6 Kg7 44. f4 Nd7 45. Rd6 Rb8 46. Nc6 1-0

[Event "XXVIIIe Open de Metz - A"]
[Site "Complexe Saint-Symphorien"]
[Date "2010.04.13"]
[Round "6.9"]
[White "Tirard, Hugo"]
[Black "Spraggett, Kevin"]
[Result "0-1"]
[WhiteElo "2451"]
[BlackElo "2580"]
[Annotator "Remi"]
[PlyCount "80"]
[EventDate "2010.04.10"]

1. e4 Nf6 2. e5 Nd5 3. Nc3 Nxc3 4. bxc3 d6 5. f4 g6 6. Nf3 Bg7 7. d4 O-O 8. Bd3
c5 9. O-O dxe5 10. dxe5 Nc6 11. Be3 b6 12. Qe1 Bf5 13. Rd1 Qc8 14. Qh4 f6 15.
Rfe1 Bxd3 16. cxd3 Qe6 17. d4 cxd4 18. cxd4 Rad8 19. Rc1 Qd5 20. Qh3 f5 21. Bf2
e6 22. Ng5 h6 23. Nf3 Rc8 24. Nh4 Kf7 25. Rc3 Ne7 26. Rg3 Rg8 27. Ra3 Rc7 28.
Nf3 Qb7 29. Bh4 Nd5 30. Qg3 Bf8 31. Rb3 Rc2 32. Bf6 Qc6 33. h4 Rxa2 34. Kh1 Rc2
35. Rbb1 a5 36. Qh2 a4 37. h5 a3 38. hxg6+ Rxg6 39. Nh4 Rg4 40. Rf1 Ne3 0-1

[Event "XXVIIIe Open de Metz - A"]
[Site "Complexe Saint-Symphorien"]
[Date "2010.04.13"]
[Round "6.10"]
[White "Leon Hoyos, Manuel"]
[Black "Schweitzer, Viktoriya"]
[Result "1-0"]
[WhiteElo "2521"]
[BlackElo "2235"]
[Annotator "Remi"]
[PlyCount "63"]
[EventDate "2010.04.10"]

1. e4 g6 2. d4 c6 3. c4 d6 4. Nc3 Bg7 5. Be2 Na6 6. h3 c5 7. d5 Nc7 8. f4 f5 9.
exf5 Bxf5 10. Bd3 e6 11. Nf3 Bxd3 12. Qxd3 Qd7 13. O-O O-O-O 14. Be3 Ne7 15.
dxe6 Nxe6 16. Rad1 Nf5 17. Bc1 Nfd4 18. Nd2 Rhf8 19. Nde4 a6 20. Nd5 Kb8 21.
Bd2 Rf7 22. Rb1 Qa4 23. Rfc1 Qc6 24. b4 cxb4 25. Nxb4 Qa4 26. c5 Nxf4 27. Bxf4
Rxf4 28. c6 Nb5 29. c7+ Nxc7 30. Rxc7 Rxe4 31. Qxe4 d5 32. Rxb7+ 1-0

[Event "XXVIIIe Open de Metz - A"]
[Site "Complexe Saint-Symphorien"]
[Date "2010.04.14"]
[Round "7.1"]
[White "Sokolov, Andrei"]
[Black "Feller, Sebastien"]
[Result "1/2-1/2"]
[WhiteElo "2563"]
[BlackElo "2576"]
[Annotator "Remi"]
[PlyCount "65"]
[EventDate "2010.04.10"]

1. e4 c6 2. d4 d5 3. e5 Bf5 4. Nd2 e6 5. Nb3 Nd7 6. Nf3 Ne7 7. Be2 h6 8. O-O g5
9. h3 Bg7 10. Nh2 Qc7 11. f4 gxf4 12. Bxf4 O-O-O 13. Bh5 Bg6 14. c3 Rdf8 15.
Rf2 Qd8 16. Nd2 Qe8 17. Be2 f6 18. exf6 Rxf6 19. Qa4 Rhf8 20. Raf1 h5 21. Nb3
a6 22. Bxa6 Rxf4 23. Rxf4 Rxf4 24. Rxf4 Bh6 25. Rf3 bxa6 26. Qxa6+ Kb8 27. Nf1
Be4 28. Rf2 Bf5 29. Qa5 Nc8 30. Qb4+ Kc7 31. Qa5+ Kb8 32. Qb4+ Kc7 33. Qa5+
1/2-1/2

[Event "XXVIIIe Open de Metz - A"]
[Site "Complexe Saint-Symphorien"]
[Date "2010.04.14"]
[Round "7.3"]
[White "Zinchenko, Yaroslav"]
[Black "Bauer, Christian"]
[Result "0-1"]
[WhiteElo "2546"]
[BlackElo "2607"]
[Annotator "Remi"]
[PlyCount "44"]
[EventDate "2010.04.10"]

1. e4 d5 2. exd5 Qxd5 3. Nc3 Qa5 4. Bc4 Nf6 5. Nge2 Nc6 6. O-O Bg4 7. d3 e6 8.
f3 Bf5 9. Ng3 Bg6 10. Bd2 Qb6+ 11. Kh1 O-O-O 12. a3 h5 13. Re1 h4 14. Be3 hxg3
15. Bxb6 Rxh2+ 16. Kg1 axb6 17. b4 Bd6 18. Nb5 Bf4 19. d4 Nd5 20. Bxd5 exd5 21.
Qe2 Kd7 22. Nd6 Kxd6 0-1

[Event "XXVIIIe Open de Metz - A"]
[Site "Complexe Saint-Symphorien"]
[Date "2010.04.14"]
[Round "7.5"]
[White "Nijboer, Friso"]
[Black "Leon Hoyos, Manuel"]
[Result "1/2-1/2"]
[WhiteElo "2562"]
[BlackElo "2521"]
[Annotator "Remi"]
[PlyCount "156"]
[EventDate "2010.04.10"]

1. e4 c5 2. Nf3 d6 3. d4 cxd4 4. Nxd4 Nf6 5. Nc3 g6 6. Be3 Bg7 7. f3 Nc6 8. Qd2
O-O 9. Bc4 Bd7 10. O-O-O Rb8 11. Bb3 Na5 12. Kb1 b5 13. g4 Nc4 14. Bxc4 bxc4
15. Ka1 Qa5 16. Nd5 Nxd5 17. Qxa5 Nxe3 18. Qc3 Nxd1 19. Rxd1 Rfc8 20. Qe3 Ba4
21. Qa3 Bxd4 22. Rxd4 Bxc2 23. Qc3 Bd3 24. Rd5 f6 25. h4 Kf7 26. g5 fxg5 27.
Rxg5 Ke6 28. Rg1 Rf8 29. b3 Rxf3 30. bxc4 Bxe4 31. Qd4 Rf4 32. Qxa7 Ra8 33. Qe3
Rxh4 34. Qg3 Rh5 35. Re1 Re5 36. c5 h5 37. cxd6 exd6 38. Rxe4 Rxe4 39. Qxg6+
Kd5 40. Qf7+ Kd4 41. Qf6+ Kc5 42. Qc3+ Rc4 43. Qe3+ Kc6 44. Qf3+ d5 45. Qf6+
Kb5 46. Qf7 Kb6 47. Qxd5 Rc1+ 48. Kb2 Ra5 49. Qd4+ Rac5 50. Qh8 Ka7 51. Qh7+
Ka6 52. Qh8 R5c2+ 53. Ka3 Rc8 54. Qxh5 Rb1 55. Qe2+ Ka7 56. Qe7+ Kb8 57. Qd6+
Rc7 58. Qd8+ Kb7 59. Qd5+ Ka7 60. Qd8 Kb7 61. Qd5+ Ka7 62. Ka4 Rbc1 63. Qd4+
Ka6 64. Qd3+ Kb7 65. Qe4+ Ka7 66. Ka3 R1c6 67. Qe3+ Rb6 68. Ka4 Rd7 69. Qc5 Kb7
70. Ka5 Rb2 71. a4 Rb1 72. Qf5 Rbd1 73. Qb5+ Ka8 74. Qc6+ Kb8 75. Qb5+ Ka7 76.
Qa6+ Kb8 77. Qb5+ Kc8 78. Qc6+ Kb8 1/2-1/2

[Event "XXVIIIe Open de Metz - A"]
[Site "Complexe Saint-Symphorien"]
[Date "2010.04.14"]
[Round "7.6"]
[White "Spirin, Oleg"]
[Black "Eingorn, Vereslav S"]
[Result "1/2-1/2"]
[WhiteElo "2449"]
[BlackElo "2560"]
[Annotator "Remi"]
[PlyCount "60"]
[EventDate "2010.04.10"]

1. d4 e6 2. c4 Bb4+ 3. Bd2 Qe7 4. Nf3 Nf6 5. g3 Nc6 6. Nc3 O-O 7. Bg2 Bxc3 8.
Bxc3 Ne4 9. Rc1 d6 10. d5 Nd8 11. Nd2 Nxc3 12. Rxc3 a5 13. O-O Ra6 14. Qc2 b6
15. e4 f6 16. f4 e5 17. f5 Nf7 18. b3 Bd7 19. a3 Raa8 20. Rb1 c5 21. dxc6 Bxc6
22. Nf1 Qb7 23. h4 g5 24. Rd1 gxh4 25. gxh4 Kh8 26. Ne3 Rac8 27. Rc1 Nh6 28.
Bf3 Rc7 29. Kh2 Rg7 30. Rg1 Rfg8 1/2-1/2

[Event "XXVIIIe Open de Metz - A"]
[Site "Complexe Saint-Symphorien"]
[Date "2010.04.14"]
[Round "7.7"]
[White "Abbasov, Farid"]
[Black "Ringoir, Tanguy"]
[Result "1-0"]
[WhiteElo "2549"]
[BlackElo "2401"]
[Annotator "Remi"]
[PlyCount "49"]
[EventDate "2010.04.10"]

1. d4 d5 2. c4 c6 3. Nc3 dxc4 4. e4 b5 5. a4 b4 6. Na2 b3 7. Nc3 Ba6 8. Nf3 Nf6
9. Ne5 e6 10. Bxc4 Bxc4 11. Nxc4 Nbd7 12. Qxb3 Rb8 13. Qc2 Be7 14. Bf4 Rb4 15.
b3 O-O 16. O-O Nh5 17. Be3 Nhf6 18. f3 Qc7 19. Rab1 Rbb8 20. Rfc1 Rbc8 21. Qd2
Rfd8 22. Bf4 Qb7 23. Bd6 Nb6 24. e5 Nfd5 25. Ne4 1-0

[Event "XXVIIIe Open de Metz - A"]
[Site "Complexe Saint-Symphorien"]
[Date "2010.04.14"]
[Round "7.8"]
[White "Bhat, Vinay S"]
[Black "Drenchev, Petar"]
[Result "1-0"]
[WhiteElo "2549"]
[BlackElo "2486"]
[Annotator "Remi"]
[PlyCount "79"]
[EventDate "2010.04.10"]

1. c4 Nf6 2. Nc3 d5 3. d4 g6 4. Bg5 Ne4 5. Bh4 Nxc3 6. bxc3 dxc4 7. e3 Qd5 8.
Nf3 Bg7 9. Be2 c5 10. O-O cxd4 11. cxd4 Nc6 12. Nd2 O-O 13. Bxc4 Qd7 14. Qa4
Qg4 15. Bg3 Bd7 16. Qa3 a5 17. Qb3 e5 18. h3 Qg5 19. d5 Nb4 20. Ne4 Qd8 21. a3
b5 22. axb4 bxc4 23. Qxc4 Rc8 24. Nc5 axb4 25. Qxb4 Bf5 26. Rfd1 Qd6 27. Na6
Rfd8 28. Qxd6 Rxd6 29. Nb4 Bd7 30. Ra7 f5 31. Rb7 g5 32. f3 f4 33. Bf2 fxe3 34.
Bxe3 h6 35. Ra1 Bf5 36. Raa7 Bf6 37. Kf1 e4 38. g4 Bg6 39. f4 Bc3 40. Nc6 1-0

[Event "XXVIIIe Open de Metz - A"]
[Site "Complexe Saint-Symphorien"]
[Date "2010.04.14"]
[Round "7.9"]
[White "Sengupta, Deep"]
[Black "Das, Arghyadip"]
[Result "1/2-1/2"]
[WhiteElo "2496"]
[BlackElo "2419"]
[Annotator "Remi"]
[PlyCount "73"]
[EventDate "2010.04.10"]

1. e4 c6 2. d4 d5 3. exd5 cxd5 4. c4 Nf6 5. Nc3 Nc6 6. Nf3 Bg4 7. cxd5 Nxd5 8.
Qb3 Bxf3 9. gxf3 e6 10. Qxb7 Nxd4 11. Bb5+ Nxb5 12. Qc6+ Ke7 13. Qxb5 Qd7 14.
Nxd5+ Qxd5 15. Qxd5 exd5 16. Be3 Ke6 17. O-O-O Bb4 18. a3 Rhc8+ 19. Kb1 Bc5 20.
Rhe1 Bxe3 21. Rxe3+ Kd6 22. Red3 Rc5 23. Rd4 a5 24. b4 axb4 25. axb4 Rb5 26.
Kb2 Re8 27. Kb3 Re2 28. Ka4 Kc6 29. Rc1+ Kb6 30. Rf4 f6 31. Rc8 Ra2+ 32. Kb3
Ra1 33. Rg8 Rb1+ 34. Ka4 Ra1+ 35. Kb3 Rb1+ 36. Ka4 Ra1+ 37. Kb3 1/2-1/2

[Event "XXVIIIe Open de Metz - A"]
[Site "Complexe Saint-Symphorien"]
[Date "2010.04.14"]
[Round "7.10"]
[White "Zubarev, Alexander"]
[Black "Pap, Misa"]
[Result "1-0"]
[WhiteElo "2536"]
[BlackElo "2521"]
[Annotator "Remi"]
[PlyCount "81"]
[EventDate "2010.04.10"]

1. e4 c5 2. Nf3 Nc6 3. Bb5 g6 4. O-O Bg7 5. Bxc6 dxc6 6. d3 Nf6 7. h3 Nd7 8.
Nc3 e5 9. Be3 Qe7 10. Qd2 h6 11. Nh2 Nf8 12. f4 exf4 13. Bxf4 Be6 14. Rae1 g5
15. Bg3 h5 16. Nf3 h4 17. Bh2 Bh6 18. Qf2 O-O-O 19. g4 Ng6 20. e5 b6 21. b3 Kb8
22. Ne4 Nf4 23. Nfxg5 Nxd3 24. Qf6 Bxg5 25. Nxg5 Qe8 26. cxd3 Rxd3 27. Rd1 Rd5
28. Rxd5 cxd5 29. Nxf7 Rf8 30. Nd6 Rxf6 31. Nxe8 Rxf1+ 32. Kxf1 Kc8 33. Ng7 Kd7
34. Nxe6 Kxe6 35. Ke2 b5 36. b4 cxb4 37. Bg1 Kxe5 38. Bxa7 Ke4 39. Be3 d4 40.
Bd2 d3+ 41. Kf2 1-0

[Event "XXVIIIe Open de Metz - A"]
[Site "Complexe Saint-Symphorien"]
[Date "2010.04.15"]
[Round "8.1"]
[White "Bauer, Christian"]
[Black "Sokolov, Andrei"]
[Result "1/2-1/2"]
[WhiteElo "2607"]
[BlackElo "2563"]
[Annotator "Remi"]
[PlyCount "66"]
[EventDate "2010.04.10"]

1. e4 c5 2. Nf3 e6 3. d3 Nc6 4. g3 d5 5. Qe2 Nge7 6. Bg2 g6 7. O-O Bg7 8. Re1
O-O 9. c3 b5 10. e5 b4 11. Bg5 h6 12. Be3 bxc3 13. bxc3 d4 14. cxd4 cxd4 15.
Bd2 Ba6 16. Na3 Rb8 17. Nc4 Bxc4 18. dxc4 Qb6 19. Qe4 Qc5 20. Bf1 Rfd8 21. Kg2
Rb2 22. Bc1 Rbb8 23. h4 Nb4 24. Ba3 Qc6 25. Rad1 Qxe4 26. Rxe4 Nec6 27. Rd2 a5
28. Be2 Rbc8 29. Bd1 Nb8 30. Bxb4 axb4 31. Rexd4 Rxd4 32. Rxd4 Nc6 33. Re4 Ra8
1/2-1/2

[Event "XXVIIIe Open de Metz - A"]
[Site "Complexe Saint-Symphorien"]
[Date "2010.04.15"]
[Round "8.2"]
[White "Abbasov, Farid"]
[Black "Burmakin, Vladimir"]
[Result "1-0"]
[WhiteElo "2549"]
[BlackElo "2604"]
[Annotator "Remi"]
[PlyCount "60"]
[EventDate "2010.04.10"]

1. d4 d5 2. c4 c6 3. Nc3 Nf6 4. Nf3 a6 5. a4 e6 6. g3 a5 7. Bg2 Be7 8. O-O O-O
9. Ne5 Na6 10. e4 Nb4 11. Be3 Nxe4 12. Nxe4 dxe4 13. Bxe4 f6 14. Qh5 f5 15. Bg2
Bd7 16. Rad1 Be8 17. Qe2 Qc7 18. Bf4 Qb6 19. Rfe1 Bf6 20. h4 Rd8 21. Nf3 Bf7
22. c5 Qa6 23. Qd2 Bh5 24. Bd6 Rfe8 25. Qc3 Nd5 26. Qb3 b6 27. Rd2 bxc5 28.
dxc5 Rd7 {(=)} 29. Ne5 Rb7 30. Qc2 Rb4 {illegible} 1-0

[Event "XXVIIIe Open de Metz - A"]
[Site "Complexe Saint-Symphorien"]
[Date "2010.04.15"]
[Round "8.3"]
[White "Feller, Sebastien"]
[Black "Bhat, Vinay S"]
[Result "1-0"]
[WhiteElo "2576"]
[BlackElo "2549"]
[Annotator "Remi"]
[PlyCount "53"]
[EventDate "2010.04.10"]

1. d4 d5 2. c4 c6 3. Nc3 Nf6 4. Nf3 dxc4 5. a4 Bf5 6. Nh4 Bg4 7. h3 Bh5 8. g4
Bg6 9. Nxg6 hxg6 10. e4 e5 11. Bxc4 exd4 12. e5 Bb4 13. exf6 dxc3 14. Qe2+ Kf8
15. O-O gxf6 16. bxc3 Bc5 17. Bf4 Kg7 18. Rad1 Qe8 19. Qd3 Na6 20. Rfe1 Rd8 21.
Rxe8 Rxd3 22. Bh6+ Rxh6 23. Rxd3 Nc7 24. Rc8 Bb6 25. Rd7 Nd5 26. Bxd5 cxd5 27.
Rxd5 1-0

[Event "XXVIIIe Open de Metz - A"]
[Site "Complexe Saint-Symphorien"]
[Date "2010.04.15"]
[Round "8.4"]
[White "Leon Hoyos, Manuel"]
[Black "Corrales Jimenez, Fidel"]
[Result "1-0"]
[WhiteElo "2521"]
[BlackElo "2585"]
[Annotator "Remi"]
[PlyCount "99"]
[EventDate "2010.04.10"]

1. e4 c5 2. Nf3 d6 3. Bb5+ Nd7 4. d4 cxd4 5. Qxd4 Ngf6 6. Nc3 a6 7. Bxd7+ Bxd7
8. Bg5 h6 9. Bxf6 gxf6 10. O-O-O e6 11. Rhe1 Be7 12. Qe3 Qc7 13. Nd4 O-O-O 14.
f4 Kb8 15. Kb1 Rc8 16. f5 Qb6 17. Qd3 Rc7 18. Nce2 Rhc8 19. Rd2 e5 20. Nb3 a5
21. Nc3 Rxc3 22. bxc3 a4 23. Qe3 Qxe3 24. Rxe3 axb3 25. cxb3 Bc6 26. c4 Rg8 27.
Kc2 b5 28. cxb5 Bxb5 29. a4 Bc6 30. h3 h5 31. Kd1 Rd8 32. Ke2 Bf8 33. Rd1 Bb7
34. b4 Rc8 35. b5 Rc4 36. a5 Rb4 37. Rg3 Be7 38. Rg8+ Kc7 39. a6 Bxe4 40. Rc1+
Kd7 41. Rb8 Bd8 42. a7 Rb2+ 43. Ke3 Bxg2 44. Rc6 Ra2 45. Ra6 Rxa6 46. bxa6 Bc7
47. Ke2 Bd5 48. Rb7 Bc4+ 49. Kd1 Bxa6 50. a8=Q 1-0

[Event "XXVIIIe Open de Metz - A"]
[Site "Complexe Saint-Symphorien"]
[Date "2010.04.15"]
[Round "8.5"]
[White "Spraggett, Kevin"]
[Black "Sengupta, Deep"]
[Result "1/2-1/2"]
[WhiteElo "2580"]
[BlackElo "2496"]
[Annotator "Remi"]
[PlyCount "62"]
[EventDate "2010.04.10"]

1. e4 e6 2. d4 d5 3. Nc3 Nf6 4. Bg5 Bb4 5. exd5 Qxd5 6. Bxf6 Bxc3+ 7. bxc3 gxf6
8. Qd2 c5 9. Nf3 Nc6 10. Be2 Rg8 11. O-O cxd4 12. cxd4 e5 13. c4 Qe4 14. Qe3
Qg4 15. g3 Nxd4 16. Nxd4 Qxd4 17. Qa3 Qd8 18. Rfd1 Qe7 19. Rd6 Bg4 20. Bf1 Kf8
21. c5 Kg7 22. Bg2 Rad8 23. Rxd8 Rxd8 24. Qxa7 e4 25. Re1 Bf3 26. Qa4 Qd7 27.
Qxd7 Rxd7 28. Bxf3 exf3 29. h3 Rd2 30. Re3 Rxa2 31. Rxf3 Rc2 1/2-1/2

[Event "XXVIIIe Open de Metz - A"]
[Site "Complexe Saint-Symphorien"]
[Date "2010.04.15"]
[Round "8.6"]
[White "Eingorn, Vereslav S"]
[Black "Nijboer, Friso"]
[Result "1/2-1/2"]
[WhiteElo "2560"]
[BlackElo "2562"]
[Annotator "Remi"]
[PlyCount "124"]
[EventDate "2010.04.10"]

1. c4 g6 2. Nc3 Bg7 3. g3 Nf6 4. Bg2 O-O 5. e4 d6 6. Nge2 c5 7. O-O Nc6 8. d3
Ne8 9. Be3 e5 10. Qd2 Nc7 11. Rae1 Bd7 12. b3 Rb8 13. f4 Nd4 14. Rf2 b5 15.
cxb5 Ncxb5 16. Nxb5 Rxb5 17. Nc3 Rb8 18. Ref1 exf4 19. Bxf4 Be6 20. Bh6 Qa5 21.
Bxg7 Kxg7 22. h3 Nb5 23. Nxb5 Qxd2 24. Rxd2 Rxb5 25. d4 Ra5 26. dxc5 dxc5 27.
Rc1 c4 28. bxc4 Rc8 29. Bf1 Kf6 30. Rc3 Ke5 31. Kf2 Kxe4 32. Re3+ Kf5 33. g4+
Kf6 34. Rc3 h5 35. gxh5 Rxh5 36. Rb2 Rcc5 37. Rb5 Rhf5+ 38. Kg2 a6 39. Rxc5
Rxc5 40. Kf2 g5 41. Kg3 Ke5 42. h4 gxh4+ 43. Kxh4 Kf4 44. Be2 a5 45. Rf3+ Ke4
46. Kg3 Kd4 47. Ra3 Bf5 48. Kf2 Be4 49. Rb3 Rg5 50. Rg3 Re5 51. Rb3 Rg5 52. Ra3
Bc6 53. Rd3+ Kc5 54. a3 Rg2+ 55. Kf1 Rg6 56. Re3 Rf6+ 57. Ke1 Re6 58. Kd2 Rxe3
59. Kxe3 Bd7 60. Kd3 Bf5+ 61. Kc3 Be4 62. Bg4 f5 1/2-1/2

[Event "XXVIIIe Open de Metz - A"]
[Site "Complexe Saint-Symphorien"]
[Date "2010.04.15"]
[Round "8.7"]
[White "Spirin, Oleg"]
[Black "Zubarev, Alexander"]
[Result "0-1"]
[WhiteElo "2449"]
[BlackElo "2536"]
[Annotator "Remi"]
[PlyCount "108"]
[EventDate "2010.04.10"]

1. d4 g6 2. g3 Bg7 3. Bg2 d5 4. Nf3 c6 5. O-O Nf6 6. c3 O-O 7. Qb3 b6 8. Bf4 a5
9. a4 Ba6 10. Re1 Nh5 11. Be5 Nf6 12. Bxf6 Bxf6 13. Nbd2 Nd7 14. e4 e6 15. c4
dxe4 16. Nxe4 Bg7 17. Rad1 Qc7 18. Rc1 Rac8 19. c5 Rb8 20. Qc3 Rfd8 21. Qc2
bxc5 22. Nxc5 Nxc5 23. Qxc5 Rd5 24. Qc3 Qb6 25. Qxc6 Bxd4 26. Nxd4 Rxd4 27. h4
Rb4 28. Qf3 Bb7 29. Qf6 Bxg2 30. Kxg2 Rxb2 31. Rc3 Qd8 32. Qxd8+ Rxd8 33. Re5
Rdd2 34. Rf3 Rd5 35. Rxd5 exd5 36. Rd3 Rb4 37. Rxd5 Rxa4 38. Kf3 h5 39. Rd8+
Kg7 40. Ra8 Kf6 41. Ra7 Ke6 42. Ke3 f6 43. Kf3 Kf5 44. Ra8 Ra3+ 45. Kg2 Ra1 46.
Kf3 Ke6 47. Rg8 Ra3+ 48. Kf4 Ra4+ 49. Kf3 Rg4 50. Kg2 Re4 51. Rxg6 Kf7 52. Rh6
Kg7 53. Rxh5 Re5 54. Rxe5 fxe5 0-1